| 000 | 00439nam a22001697a 4500 | ||
|---|---|---|---|
| 003 | CEME | ||
| 005 | 20210628203541.0 | ||
| 008 | 210317b xxu||||| |||| 00| 0 eng d | ||
| 020 | _a2547301-9761 | ||
| 040 | _c. | ||
| 082 | _a621.391 TMS'T | ||
| 100 |
_aTexas Instruments _962936 |
||
| 245 | _aTms 320 csx users guide , digital signalprocessing products | ||
| 260 |
_aUSA _bTEXAS INSTRUMENTS _c1991 |
||
| 300 | _aV.P | ||
| 942 |
_cBK _2ddc |
||
| 999 |
_c574196 _d574196 |
||